000 00508nam a2200181Ia 4500
008 240925s9999 xx 000 0 und d
020 _a71198482
082 _a621.3821 GAR
100 _aLeon-Garcia, Alberto
245 0 _aCommunication Networks: fundamentals concepts and key architectures
250 _aNA
260 _aBoston:
_bMC Graw-Hill
_c,2004.
300 _axx,891p.
_bNA
_fOriginal
500 _aIncludes Index
600 _aTelecommunication Engineering
650 _aTechnology
942 _cBK
999 _c8583
_d8583